[Event "Jastrzebie Zdroj op 4th"]
[Site "Jastrzebie Zdroj"]
[Date "2021.11.13"]
[Round "9"]
[White "Kordela, Kamil"]
[Black "Bulawa, Adam"]
[Result "1/2-1/2"]
[WhiteElo "1343"]
[BlackElo "1115"]
[PlyCount "52"]
[EventDate "2021.11.07"]
[EventType "swiss"]
[EventRounds "9"]
[EventCountry "POL"]
[SourceTitle "CBM 205 Extra"]
[Source "ChessBase"]
[SourceDate "2022.01.31"]
[SourceVersion "1"]
[SourceVersionDate "2022.01.31"]
[SourceQuality "1"]

1. d4 d5 2. c4 e6 3. Nc3 Nf6 4. Nf3 Nc6 5. Bg5 Be7 6. e3 h6 7. Bh4 0-0 8. Bd3 dxc4 9. Bxc4 Nd5 10. Bxe7 Ncxe7 11. 0-0 Nxc3 12. bxc3 c6 13. a4 Nd5 14. Qc2 Re8 15. Rfe1 Nf6 16. Rad1 a6 17. e4 b5 18. axb5 cxb5 19. Bd3 Bb7 20. Nd2 Qc7 21. Rc1 Rac8 22. Nb3 Nd7 23. e5 Bd5 24. Re3 Bc4 25. Bh7+ Kh8 26. Nd2 Nf8 1/2-1/2

[Event "Jastrzebie Zdroj op 4th"]
[Site "Jastrzebie Zdroj"]
[Date "2021.11.12"]
[Round "8"]
[White "Figa, Karolina"]
[Black "Bulawa, Adam"]
[Result "1-0"]
[WhiteElo "1355"]
[BlackElo "1115"]
[PlyCount "67"]
[EventDate "2021.11.07"]
[EventType "swiss"]
[EventRounds "9"]
[EventCountry "POL"]
[SourceTitle "CBM 205 Extra"]
[Source "ChessBase"]
[SourceDate "2022.01.31"]
[SourceVersion "1"]
[SourceVersionDate "2022.01.31"]
[SourceQuality "1"]

1. d4 d5 2. c4 e6 3. Nc3 Nf6 4. cxd5 Nxd5 5. e4 Nxc3 6. bxc3 c5 7. d5 exd5 8. exd5 Bd6 9. Bd3 0-0 10. Ne2 Bg4 11. 0-0 Qc7 12. h3 Bh5 13. Qc2 Bg6 14. c4 Bxd3 15. Qxd3 Nd7 16. f4 Rfe8 17. Bb2 Re7 18. Ng3 Bxf4 19. Nf5 Ree8 20. d6 Qb6 21. Rab1 Bg5 22. Bf6 Bxf6 23. Rxb6 axb6 24. Qf3 Ra7 25. Nxg7 Kxg7 26. Qg4+ Kh8 27. Qxd7 Bd4+ 28. Kh1 Raa8 29. Qxf7 Rab8 30. d7 Red8 31. Qe7 Bg7 32. Rf7 Rg8 33. Kh2 Rbd8 34. Rxg7 1-0

[Event "EU Union-ch U10"]
[Site "Kouty nad Desnou"]
[Date "2021.08.20"]
[Round "7.9"]
[White "Bulawa, Adam"]
[Black "Lackova, Lucie"]
[Result "0-1"]
[WhiteElo "1141"]
[BlackElo "1090"]
[PlyCount "70"]
[EventDate "2021.08.14"]
[EventType "swiss"]
[EventRounds "9"]
[EventCountry "CZE"]
[SourceTitle "EXT 2022"]
[Source "ChessBase"]
[SourceDate "2021.10.06"]
[SourceVersion "1"]
[SourceVersionDate "2021.10.06"]
[SourceQuality "1"]

1. e4 e5 2. Nf3 Nc6 3. Bc4 Nf6 4. d3 Bc5 5. c3 d6 6. 0-0 Bg4 7. Nbd2 0-0 8. a4 a5 9. Re1 Re8 10. Qb3 Qd7 11. Bb5 d5 12. Bxc6 bxc6 13. Qc2 Qd6 14. exd5 cxd5 15. d4 exd4 16. Rxe8+ Rxe8 17. cxd4 Bb6 18. h3 Bxf3 19. Nxf3 Bxd4 20. Bd2 Bb6 21. Rb1 Re2 22. Rf1 Ne4 23. Qd3 Ng3 24. Ng5 g6 25. Be3 Bxe3 26. fxe3 Nxf1 27. Qxe2 Ng3 28. Qf3 Nf5 29. e4 dxe4 30. Nxe4 Qb6+ 31. Kh2 Qxb2 32. Ng5 c5 33. Qd5 Qf6 34. Ne4 Qd4 35. Qc6 c4 0-1

[Event "CZE-ch U10"]
[Site "Kouty nad Desnou"]
[Date "2020.03.11"]
[Round "6"]
[White "Bulawa, Adam"]
[Black "Milek, Tobias"]
[Result "1/2-1/2"]
[WhiteElo "1014"]
[BlackElo "1163"]
[PlyCount "103"]
[EventDate "2020.03.07"]
[EventType "swiss"]
[EventRounds "7"]
[EventCountry "CZE"]
[SourceTitle "CBM 195 Extra"]
[Source "ChessBase"]
[SourceDate "2020.05.31"]
[SourceVersion "1"]
[SourceVersionDate "2020.05.31"]
[SourceQuality "1"]

1. e4 c5 2. Nf3 d6 3. Bb5+ Nd7 4. 0-0 Ngf6 5. Re1 a6 6. Bf1 g6 7. c3 Ne5 8. Nxe5 dxe5 9. d3 Bg7 10. h3 0-0 11. Nd2 b5 12. Nf3 Qc7 13. b3 Rd8 14. Qc2 Be6 15. c4 b4 16. Bb2 Nh5 17. Rad1 Nf4 18. Kh2 Bc8 19. g3 Ne6 20. Kg1 Nd4 21. Bxd4 exd4 22. Bg2 e5 23. Nh2 Be6 24. Rf1 Qd7 25. g4 f5 26. exf5 gxf5 27. Bxa8 Rxa8 28. Qe2 fxg4 29. Nxg4 Bxg4 30. Qxg4 Qxg4+ 31. hxg4 Kh8 32. Rde1 Rg8 33. f3 Bf6 34. Re2 Rg6 35. Rh2 Bg5 36. Rh5 Be3+ 37. Kg2 Bf4 38. Rfh1 h6 39. Ra1 a5 40. a3 bxa3 41. Rxa3 Rb6 42. Rh1 Kg7 43. Rb1 h5 44. gxh5 Kh6 45. Rxa5 Kxh5 46. Rh1+ Kg5 47. Rb5 Ra6 48. Kh3 Ra2 49. Rg1+ Kh5 50. Rg2 Ra1 51. Rg8 Ra2 52. Rg2 1/2-1/2